04597nam a2200349 a 4500003000500000005001700005007000300022008004100025040002300066041001300089100003700102240010100139245012900240264004200369300004600411336002700457337002800484338002800512502009900540504003200639520161200671520155902283650005203842650005403894650004503948650004803993650004204041650003204083700005004115700003504165700004704200CHAP20250609125850.0ta250609s2002 mx d frm 00110 spa d cCHAPamxchpuaerda0 aspabeng1 aRodríguez Ángeles, Victorina10aCharacterizaction of the adobera cheese elaborated by two methods of fast processing.lEspañol10aCaracterización del queso adobera elaborado por dos métodos de procesamiento rápido /cVictorina Rodríguez Ángeles aChapingo, México :bEl autor,c2002 a87 hojas :bgráficas, diagramas, tablas 2rdacontentatextobtxt 2rdamediaano mediadobn 2rdacarrieravolumenbnc aTesis b(Ingeniero Agroindustrial) -- cUACh. Departamento de Ingenieria Agroindustrial,d2002 aBibliografía: hojas 59-623 aLos quesos mexicanos genuinos como el adobera han sido escasamente estudiados, debido a ello, es conveniente caracterizarlos, clasificarlos y mejorarlos técnicamente. Por eso, la presente investigación se enfocó al estudio del queso adobera elaborado con leche cruda (tradicional), con leche cruda y un cultivo de inoculación directa (Lactoccocus luctis ss. lactis y Luctococcus lactis ss. Cremoris ) y con leche pasteurizada y el mismo cultivo. Este trabajo se orientó a caracterizar el queso adobera con base en rasgos composicionales, texturales (método instrumental) y sensoriales. Se evaluaron 3 tratamientos, que constituyeron 9 unidades experimentales organizadas siguiendo un diseño completamente al azar. A los productos se les sometió a un análisis sensorial y composicional (humedad, proteína, grasa, cenizas, calcio), acidez titulable, pH, área de fundido y rendimiento. Los resultados mostraron que si hubo diferencias significativas entre los diferentes tratamientos. En tanto, la evaluación sensorial (con una prueba de diferencia de control) evidenció que los tres tratamientos mostraron características similares entre ellos. Asimismo, el análisis instrumental de perfil de textura, mostró que en dureza los tres tratamientos eran estadísticamente diferentes, mientras que en cohesividad y elasticidad eran iguales. Adicionalmente, con el empleo de los cultivos lácticos se acortó considerablemente el tiempo de proceso (hasta en un 20 % del original), aunque faltaría por investigar el grado de chedarización conveniente en la pasta del queso. --3 aThe genuine Mexican cheeses as the adobera barely has been studied, due to it, are advisable to characterize them, to classify them and to improve them technically. For that reason, the present investigation focused to the study of the adobera cheese elaborated with crude milk (traditional), crude milk and a cuiture of direct inoculation (Lactoccocus lactis ss. lactis and Lactococcus lactis ss. cremoris) and with pasteurized milk and the same culture. This work was oriented to characterize the adobera cheese with base in compositionales, texturales characteristics (instrumental method) and sensorial. Three treatments were evaluated, that constituted 9 experimental units organized completely following a design at random. Products it was put under to them a sensorial and compositional analysis (moisture, protein, fat, ashes, calcium), titleable acidity, pH, area of fused and yield. The results showed that yes there were signiticant differences between the different treatments. In as much, the sensorial evaluation (with a test of control difference) demonstrated that the three treatments showed similar characteristics among them. Also, the instrumental analysis of texture profile, showed that in hardness the three treatments were statisticaly different, whereas in cohesivity and elasticity they were equal. Additionally, with the use of the lactic cultures the time of process was used excessive respect considerably (until in 20 %), although would lack to investigate the degree of advisable chedarization in the paste of the cheese. 13aQueso artesanalxPropiedades rheológicas2atg13aFabricación de quesoxLeche pasteurizada 2atg13aFabricación de quesoxLeche cruda2atg13aArtisan cheesexRheological properties2atg13aCheesemakingxPasteurized milk 2atg13aCheesemakingxRaw milk2atg1 aVillegas de Gante, Abraham Zacariasedirector1 aSantos Moreno, Armandoeasesor1 aCórdoba Ángeles, Rosa Maríaeasesora